Central Library OPAC University of Rajshahi

The Philosophy of society / (Record no. 34103)

MARC details
000 -LEADER
fixed length control field 00866nam a2200301 i 4500
001 - CONTROL NUMBER
control field 34103
003 - CONTROL NUMBER IDENTIFIER
rucl marc code BD-RjUL
005 - DATE AND TIME OF LATEST TRANSACTION
control field 20211209052115.0
008 - FIXED-LENGTH DATA ELEMENTS--GENERAL INFORMATION
fixed length control field 140514s1978 enk b 001 0 eng
020 ## - INTERNATIONAL STANDARD BOOK NUMBER
International Standard Book Number 0416834809 :
-- 0416834906
035 ## - SYSTEM CONTROL NUMBER
System control number (BD-RjUL)34197
040 ## - CATALOGING SOURCE
Original cataloging agency DLC
Transcribing agency DLC
Modifying agency DLC
-- BD-RjUL
Language of cataloging eng
041 ## - LANGUAGE CODE
Language code of text/sound track or separate title eng
082 00 - DEWEY DECIMAL CLASSIFICATION NUMBER
Classification number 301
Author mark and year PHI 1978
245 04 - TITLE STATEMENT
Title The Philosophy of society /
Statement of responsibility, etc. edited by Rodger Beehler and Alan R. Drengson.
260 ## - PUBLICATION, DISTRIBUTION, ETC. (IMPRINT)
Place of publication, distribution, etc. London :
Name of publisher, distributor, etc. Methuen,
Date of publication, distribution, etc. 1978.
300 ## - PHYSICAL DESCRIPTION
Pagination x, 437 p. ;
Size 25 cm.
504 ## - BIBLIOGRAPHY, ETC. NOTE
Bibliography, etc Bibliography: p. [425]-430.
Bibliography, etc Includes index.
650 #0 - SUBJECT ADDED ENTRY--TOPICAL TERM
Topical term or geographic name as entry element Sociology.
9 (RLIN) 103673
Topical term or geographic name as entry element Social ethics.
9 (RLIN) 5055
Topical term or geographic name as entry element Social change.
9 (RLIN) 103674
700 1# - ADDED ENTRY--PERSONAL NAME
Personal name Beehler, Rodger,
Dates associated with a name 1938-
Personal name Drengson, Alan R.
942 ## - ADDED ENTRY ELEMENTS (KOHA)
Source of classification or shelving scheme Dewey Decimal Classification
Koha item type Books
Holdings
Lost status Source of classification or shelving scheme Damaged status Not for loan Collection code Permanent Location Current Location Shelving location Date acquired Source of acquisition Cost, normal purchase price Total Checkouts Full call number Date last seen Copy number Koha item type
  Dewey Decimal Classification   Not For Loan Non-fiction Central Library, University of Rajshahi Central Library, University of Rajshahi Reading Room 28/05/1991 Canada 0.00   301 PHI 1978 14/05/2014 C-1 Books